|
|
|
|
| LEADER |
00000nam0a2200000 4500 |
| 001 |
292843 |
| 005 |
20231102000533.0 |
| 020 |
|
|
|a RU
|b 84-12800
|
| 035 |
|
|
|a (RuTPU)RU\TPU\book\317495
|
| 090 |
|
|
|a 292843
|
| 100 |
|
|
|a 20150427d1984 km y0rusy5003 ca
|
| 101 |
0 |
|
|a rus
|
| 102 |
|
|
|a RU
|
| 105 |
|
|
|a y z 001zy
|
| 200 |
1 |
|
|a Алгоритмы определения оптимальной совокупности отраслевых вариантов размещения предприятий с учетом эффекта агломерации
|f В. Р. Хачатуров, Н. Д. Астахов, В. В. Григорьев
|g Академия наук СССР (АН СССР), Вычислительный центр
|
| 210 |
|
|
|a Москва
|c Изд-во ВЦ АН СССР
|d 1984
|
| 215 |
|
|
|a 22 с.
|
| 225 |
1 |
|
|a Сообщения по прикладной математике
|
| 320 |
|
|
|a Библиогр.: с. 22
|
| 606 |
1 |
|
|a Промышленные районы
|x Планировка и строительство
|2 stltpush
|3 (RuTPU)RU\TPU\subj\52749
|9 71152
|
| 610 |
1 |
|
|a размещение
|
| 610 |
1 |
|
|a расчет на ЭВМ
|
| 610 |
1 |
|
|a отраслевые варианты
|
| 610 |
1 |
|
|a агломерация
|
| 610 |
1 |
|
|a алгоритмы
|
| 610 |
1 |
|
|a оптимальность
|
| 610 |
1 |
|
|a аппроксимационно-комбинаторный метод
|
| 675 |
|
|
|a 711.5
|z rus
|v 3
|
| 700 |
|
1 |
|a Хачатуров
|b В. Р.
|g Владимир Рубенович
|4 070
|
| 701 |
|
1 |
|a Астахов
|b Н. Д.
|
| 701 |
|
1 |
|a Григорьев
|b В. В.
|
| 712 |
0 |
2 |
|a Академия наук СССР (АН СССР)
|b Вычислительный центр
|2 stltpush
|3 (RuTPU)RU\TPU\col\11481
|
| 801 |
|
0 |
|a RU
|b RuMRKP
|c 19950704
|g psbo
|
| 801 |
|
1 |
|a RU
|b 63413507
|c 20150427
|
| 801 |
|
2 |
|a RU
|b 63413507
|c 20190114
|g RCR
|
| 942 |
|
|
|c BK
|